A magyar konyha (tradíciók és innováció)

Bibliographic Details
Main Author: Melkvi Liza
Other Authors: Hegedűs Péter
Format: Project work
Kulcsszavak:Gasztronómia
Magyar konyha
Innováció
Online Access:http://dolgozattar.uni-bge.hu/17327

MARC

LEADER 00000nnm a2200000 i 4500
001 dolg17327
005 20200218125447.0
008 180517suuuu hu o 000 hun d
040 |a BGE Dolgozattár Repozitórium  |b hun 
041 |a hu 
100 1 |a Melkvi Liza 
245 1 2 |a A magyar konyha (tradíciók és innováció)  |c Melkvi Liza  |h [elektronikus dokumentum] 
246 1 1 |a A magyar konyha (tradíciók és innováció) 
516 |a Project_work 
695 |a Gasztronómia  
695 |a Magyar konyha 
695 |a Innováció 
700 1 |a Hegedűs Péter  |e ths 
856 4 0 |u http://dolgozattar.uni-bge.hu/17327/1/Melkvi%20Liza%20projektmunka.pdf  |z Dokumentum-elérés